<?xml version="1.0" encoding="UTF-8"?>
<record
    xmlns:xsi="http://www.w3.org/2001/XMLSchema-instance"
    xsi:schemaLocation="http://www.loc.gov/MARC21/slim http://www.loc.gov/standards/marcxml/schema/MARC21slim.xsd"
    xmlns="http://www.loc.gov/MARC21/slim">

  <leader>00625cam a2200217 i 4500</leader>
  <controlfield tag="001">10895</controlfield>
  <controlfield tag="003">BD-RjUL</controlfield>
  <controlfield tag="005">20211208235033.0</controlfield>
  <controlfield tag="008">140125s19641954enka     b    00100 eng d</controlfield>
  <datafield tag="035" ind1=" " ind2=" ">
    <subfield code="a">(BD-RjUL)10944</subfield>
  </datafield>
  <datafield tag="040" ind1=" " ind2=" ">
    <subfield code="a">BD-RjUL</subfield>
    <subfield code="b">eng</subfield>
    <subfield code="c">BD-RjUL</subfield>
    <subfield code="d">BD-RjUL</subfield>
  </datafield>
  <datafield tag="041" ind1=" " ind2=" ">
    <subfield code="a">eng</subfield>
  </datafield>
  <datafield tag="082" ind1="0" ind2="4">
    <subfield code="a">551.4</subfield>
    <subfield code="b">THP 1964</subfield>
  </datafield>
  <datafield tag="100" ind1="1" ind2="0">
    <subfield code="a">Thornbury, William David.</subfield>
    <subfield code="9">33679</subfield>
  </datafield>
  <datafield tag="245" ind1="1" ind2="0">
    <subfield code="a">Principles of geomorphology /</subfield>
    <subfield code="c">by W. D. Thornbury.</subfield>
  </datafield>
  <datafield tag="260" ind1="0" ind2=" ">
    <subfield code="a">London :</subfield>
    <subfield code="b">Wiley,</subfield>
    <subfield code="c">c1954 [Printing 1964].</subfield>
  </datafield>
  <datafield tag="300" ind1=" " ind2=" ">
    <subfield code="a">ix, 618 p :</subfield>
    <subfield code="b">ill. ;</subfield>
    <subfield code="c">23 cm.</subfield>
  </datafield>
  <datafield tag="504" ind1=" " ind2=" ">
    <subfield code="a">Includes index.</subfield>
  </datafield>
  <datafield tag="650" ind1=" " ind2="0">
    <subfield code="a">Geology, Structural.</subfield>
    <subfield code="9">32772</subfield>
  </datafield>
  <datafield tag="942" ind1=" " ind2=" ">
    <subfield code="2">ddc</subfield>
    <subfield code="c">BK</subfield>
    <subfield code="0">5</subfield>
  </datafield>
  <datafield tag="999" ind1=" " ind2=" ">
    <subfield code="c">10895</subfield>
    <subfield code="d">10895</subfield>
  </datafield>
  <datafield tag="952" ind1=" " ind2=" ">
    <subfield code="0">0</subfield>
    <subfield code="1">0</subfield>
    <subfield code="2">ddc</subfield>
    <subfield code="4">0</subfield>
    <subfield code="7">0</subfield>
    <subfield code="8">NFIC</subfield>
    <subfield code="a">RUCL</subfield>
    <subfield code="b">RUCL</subfield>
    <subfield code="c">Stack</subfield>
    <subfield code="d">1965-11-22</subfield>
    <subfield code="e">Zeitlinger</subfield>
    <subfield code="g">51.00</subfield>
    <subfield code="l">5</subfield>
    <subfield code="o">551.4 THP 1964</subfield>
    <subfield code="r">2015-12-05 00:00:00</subfield>
    <subfield code="s">2015-11-16</subfield>
    <subfield code="t">C-7</subfield>
    <subfield code="w">2014-01-25</subfield>
    <subfield code="y">BK</subfield>
  </datafield>
  <datafield tag="952" ind1=" " ind2=" ">
    <subfield code="0">0</subfield>
    <subfield code="1">0</subfield>
    <subfield code="2">ddc</subfield>
    <subfield code="4">0</subfield>
    <subfield code="7">1</subfield>
    <subfield code="8">NFIC</subfield>
    <subfield code="a">RUCL</subfield>
    <subfield code="b">RUCL</subfield>
    <subfield code="c">Reading</subfield>
    <subfield code="d">1957-12-17</subfield>
    <subfield code="e">B.H.Blackwell Ltd.</subfield>
    <subfield code="g">38.00</subfield>
    <subfield code="l">0</subfield>
    <subfield code="o">551.4 THP 1956</subfield>
    <subfield code="r">2017-04-01 00:00:00</subfield>
    <subfield code="t">C-1</subfield>
    <subfield code="w">2021-12-08</subfield>
    <subfield code="y">BK</subfield>
  </datafield>
  <datafield tag="952" ind1=" " ind2=" ">
    <subfield code="0">0</subfield>
    <subfield code="1">0</subfield>
    <subfield code="2">ddc</subfield>
    <subfield code="4">0</subfield>
    <subfield code="7">0</subfield>
    <subfield code="8">NFIC</subfield>
    <subfield code="a">RUCL</subfield>
    <subfield code="b">RUCL</subfield>
    <subfield code="c">Stack</subfield>
    <subfield code="d">1965-11-22</subfield>
    <subfield code="e">Zetlinger</subfield>
    <subfield code="g">51.00</subfield>
    <subfield code="l">0</subfield>
    <subfield code="o">551.4 THP 1964</subfield>
    <subfield code="r">2017-05-20 00:00:00</subfield>
    <subfield code="t">C-2</subfield>
    <subfield code="w">2017-05-20</subfield>
    <subfield code="y">BK</subfield>
  </datafield>
  <datafield tag="952" ind1=" " ind2=" ">
    <subfield code="0">0</subfield>
    <subfield code="1">0</subfield>
    <subfield code="2">ddc</subfield>
    <subfield code="4">0</subfield>
    <subfield code="7">0</subfield>
    <subfield code="8">NFIC</subfield>
    <subfield code="a">RUCL</subfield>
    <subfield code="b">RUCL</subfield>
    <subfield code="c">Stack</subfield>
    <subfield code="d">1965-11-22</subfield>
    <subfield code="e">Zeithinger</subfield>
    <subfield code="g">51.00</subfield>
    <subfield code="l">0</subfield>
    <subfield code="o">551.4 THP 1964</subfield>
    <subfield code="r">2017-05-29 00:00:00</subfield>
    <subfield code="t">C-3</subfield>
    <subfield code="w">2017-05-29</subfield>
    <subfield code="y">BK</subfield>
  </datafield>
  <datafield tag="952" ind1=" " ind2=" ">
    <subfield code="0">0</subfield>
    <subfield code="1">0</subfield>
    <subfield code="2">ddc</subfield>
    <subfield code="4">0</subfield>
    <subfield code="7">0</subfield>
    <subfield code="8">NFIC</subfield>
    <subfield code="a">RUCL</subfield>
    <subfield code="b">RUCL</subfield>
    <subfield code="c">Stack</subfield>
    <subfield code="d">1964-03-24</subfield>
    <subfield code="e">Zeetlinger</subfield>
    <subfield code="g">64.00</subfield>
    <subfield code="l">1</subfield>
    <subfield code="o">551.4 THP 1962</subfield>
    <subfield code="r">2022-07-05 00:00:00</subfield>
    <subfield code="s">2022-06-22</subfield>
    <subfield code="t">C-4</subfield>
    <subfield code="w">2017-06-12</subfield>
    <subfield code="y">BK</subfield>
  </datafield>
  <datafield tag="952" ind1=" " ind2=" ">
    <subfield code="0">0</subfield>
    <subfield code="1">0</subfield>
    <subfield code="2">ddc</subfield>
    <subfield code="4">0</subfield>
    <subfield code="7">0</subfield>
    <subfield code="8">NFIC</subfield>
    <subfield code="a">RUCL</subfield>
    <subfield code="b">RUCL</subfield>
    <subfield code="c">Stack</subfield>
    <subfield code="d">1964-03-24</subfield>
    <subfield code="e">Zeitlinger</subfield>
    <subfield code="g">64.00</subfield>
    <subfield code="l">1</subfield>
    <subfield code="o">551.4 THP 1962</subfield>
    <subfield code="r">2022-07-05 00:00:00</subfield>
    <subfield code="s">2022-06-22</subfield>
    <subfield code="t">C-5</subfield>
    <subfield code="w">2019-01-09</subfield>
    <subfield code="y">BK</subfield>
  </datafield>
</record>
